000 00621nam a2200217Ia 4500
003 GCL
005 20240530095341.0
008 140319s9999 xx 000 0 ara d
020 _a9772083949
040 _aGCL /
_cGCL
082 0 4 _a813.03
_bع ع
100 1 _aعلاء الاسوانى
245 1 0 _aعمارة يعقوبيان /
_cعلاء الاسوانى
250 _aط7
260 _aالقاهرة :
_bمكتبة مدبولى ،
_c2005
300 _a363 ص ؛
_c24 سم
650 0 4 _aالقصص العربية
650 0 4 _aالقصص
650 0 4 _aالقصص العربية - مصر
942 _2ddc
_cBK
999 _c6399
_d6399